<?xml version="1.0" encoding="utf-8"?>
<?xml-stylesheet type='text/xsl' href='./oai2.xsl'?>
<OAI-PMH xmlns="http://www.openarchives.org/OAI/2.0/" xmlns:xsi="http://www.w3.org/2001/XMLSchema-instance" xsi:schemaLocation="http://www.openarchives.org/OAI/2.0/ http://www.openarchives.org/OAI/2.0/OAI-PMH.xsd">
  <responseDate>2026-06-07T08:41:02Z</responseDate>
  <request verb="GetRecord" metadataPrefix="marcxml" identifier="record_kuniweb_593004">https://kulturerbe.niedersachsen.de/oai</request>
  <GetRecord>
    <record>
      <header>
        <identifier>record_kuniweb_593004</identifier>
        <datestamp>2025-08-28T09:38:22Z</datestamp>
        <setSpec>slg0111</setSpec>
      </header>
      <metadata>
        <marc:record xmlns:marc="http://www.loc.gov/MARC21/slim" xsi:schemaLocation="http://www.loc.gov/MARC21/slim http://www.loc.gov/standards/marcxml/schema/MARC21slim.xsd">
          <marc:leader>12345nkm  22     uu 4500</marc:leader>
          <marc:controlfield tag="001">593004</marc:controlfield>
          <marc:controlfield tag="003">http://kuniweb.gbv.de</marc:controlfield>
          <marc:controlfield tag="005">2018-03-21T13:21:07</marc:controlfield>
          <marc:controlfield tag="008">|           ||||||||||||||||||||||</marc:controlfield>
          <marc:datafield tag="245" ind1="1" ind2="0">
            <marc:subfield code="a">Liegendes Vorgelege für die Feldmühle in Teichröda bei Rudolstadt i. Thür., 1912</marc:subfield>
          </marc:datafield>
          <marc:datafield tag="655" ind1=" " ind2="7">
            <marc:subfield code="a">Grafik</marc:subfield>
          </marc:datafield>
          <marc:datafield tag="046" ind1=" " ind2=" ">
            <marc:subfield code="k">1912-03-30</marc:subfield>
            <marc:subfield code="k">30.03.1912</marc:subfield>
          </marc:datafield>
          <marc:datafield tag="260" ind1=" " ind2=" ">
            <marc:subfield code="g">1912-03-30</marc:subfield>
            <marc:subfield code="g">30.03.1912</marc:subfield>
          </marc:datafield>
          <marc:datafield tag="520" ind1=" " ind2=" ">
            <marc:subfield code="a">Zeichnung – schwarz-weiß      
Herstellungsort – Königshütte, Bad Lauterberg

Auftraggeber und Standort: 
Ernst Sipproth, Feldmühle Teichröda bei Rudolstadt

Information:
Zur Inventarnummer sind drei unterschiedliche Zeichnungen vorhanden.

Information zu den Mühlen um Rudolstadt:
Erhalten sind … noch sieben (Mühlen), nämlich die Unter- und Mittelmühle in Rudolstadt, die zum Wohnhaus umgebaute Ammelstädter Mühle, die Obermühle und die Feldmühle in Teichröda , die Heilsberger Mühle und die Senf- und Kunstmühle Kleinhettstedt.
gefunden in:
Mühlen-Radwanderweg - Feengrottenstadt Saalfeld
https://www.saalfeld-tourismus.de/Aktiv-in-der-Natur/.../Muehlen-Radwanderweg











 (Förderkreis Königshütte Bad Lauterberg e.V.)

Maßstab: 1 zu 25

Literatur in Zusammenhang:
1. Wassermühle Obermühle Geunitz | milldatabase milldatabase.org/mills/germany-wassermuhle-obermuhle-geunitz_id_11126 2. Obermühle Geunitz am Deutschen Mühlentag 2017 › Kitchentable ... https://kitchentableproductions.de/obermuehle-geunitz-am-deutschen-muehlentag-2017/</marc:subfield>
          </marc:datafield>
          <marc:datafield tag="650" ind1="1" ind2=" ">
            <marc:subfield code="a">Müllereitechnologie</marc:subfield>
          </marc:datafield>
          <marc:datafield tag="650" ind1="1" ind2=" ">
            <marc:subfield code="a">Grafik, Fotografie &gt; Zeichnung</marc:subfield>
          </marc:datafield>
          <marc:datafield tag="650" ind1="1" ind2=" ">
            <marc:subfield code="a">Handwerk</marc:subfield>
          </marc:datafield>
          <marc:datafield tag="650" ind1="1" ind2=" ">
            <marc:subfield code="a">Teichröda (Remda-Teichel, Saalfeld-Rudolstadt, Thüringen)</marc:subfield>
          </marc:datafield>
          <marc:datafield tag="773" ind1="0" ind2=" ">
            <marc:subfield code="t">Mühlen-, Gips- und sonstige Anlagen</marc:subfield>
          </marc:datafield>
          <marc:datafield tag="852" ind1=" " ind2=" ">
            <marc:subfield code="a">Industriedenkmal Königshütte Bad Lauterberg im Harz</marc:subfield>
          </marc:datafield>
          <marc:datafield tag="" ind1=" " ind2=" ">
            <marc:subfield code="a">Namensnennung - Nicht kommerziell - Keine Bearbeitungen 4.0 International (CC BY-NC-ND 4.0)</marc:subfield>
          </marc:datafield>
        </marc:record>
      </metadata>
    </record>
  </GetRecord>
</OAI-PMH>
